000 004860000a22001810004500
001 003990
003 MACL
005 20150707161225.0
008 150707b xxu||||| |||| 00| 0 eng d
040 _aMACL
_cMACL
041 _aEnglish
100 _aAurobindo, Shri
_91288
245 _aMother's Agenda
_bVolume 11 1970
_cShri Aurobindo
260 _aInstitute De Recherches Evolutives,
_c2000
_bNew Delhi
350 _a220
650 _aSocial Science
_91299
942 _k307.874
_cBK
_2ddc
999 _c15883
_d15883